Sports Quiz

Random Sports or Olympics Quiz

Four-Set Venn Diagram--Sports Quiz Stats

 Plays Quiz Updated Jun 26, 2017

Support Sporcle.
Go Orange.
Score 0/15 Timer 05:00
1 Play Today
% Correct
Marathon
86.1%
Miniature Golf
82.9%
Boxing
81.1%
Ultimate Frisbee
80%
Rowing
(Quadruple
Sculls)
79%
Basketball
78.7%
Golf
73.9%
Table Tennis
(Singles)
73.3%
% Correct
Lacrosse
69.4%
Beach Volleyball
68.5%
Racquetball
(Singles)
67.4%
Badminton
(Doubles)
66.4%
Short Track Speed Skating
63.5%
Arena Football
63.2%
Ice Hockey
61.4%

You're not logged in!

Compare scores with friends on all Sporcle quizzes.
OR
Log In
Forgot?

From the Vault

Greenest US Cities

by GeoExpert

We thought about calling this quiz the 'Inconvenient Sporcle' but we couldn't get Al Gore to sign off on it.
Remove Ads.
Support Sporcle.
Get the best of Sporcle when you Go Orange. This ad-free experience offers more features, more stats, and more fun while also helping to support Sporcle. Thank you for becoming a member.

Show Comments

Extras

Top Quizzes Today


Score Distribution

Your Account Isn't Verified!

In order to create a playlist on Sporcle, you need to verify the email address you used during registration. Go to your Sporcle Settings to finish the process.

Report this User

Report this user for behavior that violates our Community Guidelines.

Details: